000 00418nam a22001577a 4500
003 OSt
005 20251021094117.0
008 251021b |||||||| |||| 00| 0 eng d
020 _a9966443789
040 _cKENYA LITERATURE BUREU
050 _aPZ 7 .G38 1999
245 _aTJ AMND THE FIRST FORMERS
_cGATHUO,ANNE
250 _a1ST EDITION
260 _aNAIROBI,KENYA
_bKENYA LITERATURE BUREU
_c1999
942 _2lcc
_cBK
_n0
999 _c9665
_d9665